Integrating seaports and trade corridors / (Record no. 2778)

000 -LEADER
fixed length control field 03057nam a2200409 a 4500
006 - FIXED-LENGTH DATA ELEMENTS--ADDITIONAL MATERIAL CHARACTERISTICS--GENERAL INFORMATION
fixed length control field m |o go|ad
007 - PHYSICAL DESCRIPTION FIXED FIELD--GENERAL INFORMATION
fixed length control field cr |||||||||||
008 - FIXED-LENGTH DATA ELEMENTS--GENERAL INFORMATION
fixed length control field 100716s2016 enkab ob 001 0 eng d
020 ## - INTERNATIONAL STANDARD BOOK NUMBER
International Standard Book Number 9781315589039 (ebook)
040 ## - CATALOGING SOURCE
Original cataloging agency IMU Kochi Library
Language of cataloging eng
041 0# - LANGUAGE CODE
Language code of text/sound track or separate title eng
044 ## - COUNTRY OF PUBLISHING/PRODUCING ENTITY CODE
MARC country code England
082 00 - DEWEY DECIMAL CLASSIFICATION NUMBER
Classification number 387.544
Edition number 23
245 00 - TITLE STATEMENT
Title Integrating seaports and trade corridors /
264 ## - Production, Publication, Distribution, Manufacture, and Copyright Notice
Place of production, publication, distribution, manufacture London :
Name of producer, publisher, distributor, manufacturer Routledge, Taylor & Francis Group,
Date of production, publication or copyright notice 2016.
300 ## - PHYSICAL DESCRIPTION
Extent 1 online resource
490 1# - SERIES STATEMENT
Series statement Transport and mobility series
504 ## - BIBLIOGRAPHY, ETC. NOTE
Bibliography, etc Includes bibliographical references and index.
505 0# - FORMATTED CONTENTS NOTE
Formatted contents note Economic cycles in maritime shipping and ports : the path to the crisis of 2008 / Gustaaf De Monie, Jean-Paul Rodrigue and Theo Notteboom -- Organizational and geographical ramifications of the 2008-09 financial crisis on the maritime shipping and port industries / Theo Notteboom, Jean-Paul Rodrigue and Gustaaf De Monie -- Carriers' role in opening gateways : experiences from major port regions / Antoine Frémont and Francesco Parola -- Transport and logistics hubs : separating fact from fiction / Elisabeth Gouvernal, Valérie Lavaud-Letilleul and Brian Slack -- Port, corridor, gateway and chain : exploring the geography of advanced maritime producer services / Peter V. Hall, Wouter Jacobs and Hans Koster -- Measuring port performance : lessons from the waterfront / Claude Comtois and Brian Slack -- Key interactions and value drivers towards port users' satisfaction / Athanasios A. Pallis and Thomas K. Vitsounis -- Improving port performance : from serving ships to adding value in supply chains / Anthony Beresford, Su-Han Woo and Stephen Pettit -- Coordination in multi-actor logistics operations : challenges at the port interface / Trevor D. Heaver -- Benchmarking the integration of corridors in international value networks : the study of African cases / Jean-François Pelletier and Yann Alix -- Building value into transport chains : the challenges of multi-goal policies / Emmanuel Guy and Frédéric Lapointe -- Perspectives on integrated container transport : the Canadian example / Robert J. McCalla -- Trade corridors and gateways: an evolving national transportation plan / Michael C. Ircha -- Hinterlands, port regionalisation and extended gateways : the case of Belgium and northern France / Jacques J. Charlier -- Entrepreneurial region and gateway-making in China : a case study of Guangxi / James J. Wang.
650 #0 - SUBJECT ADDED ENTRY--TOPICAL TERM
Topical term or geographic name as entry element Harbors.
650 #0 - SUBJECT ADDED ENTRY--TOPICAL TERM
Topical term or geographic name as entry element Shipping.
650 #0 - SUBJECT ADDED ENTRY--TOPICAL TERM
Topical term or geographic name as entry element Trade routes.
650 #0 - SUBJECT ADDED ENTRY--TOPICAL TERM
Topical term or geographic name as entry element Infrastructure (Economics).
650 #0 - SUBJECT ADDED ENTRY--TOPICAL TERM
Topical term or geographic name as entry element Business logistics.
650 #0 - SUBJECT ADDED ENTRY--TOPICAL TERM
Topical term or geographic name as entry element Transportation
General subdivision Planning.
650 #0 - SUBJECT ADDED ENTRY--TOPICAL TERM
Topical term or geographic name as entry element Transportation geography.
700 1# - ADDED ENTRY--PERSONAL NAME
Personal name Hall, P. V.
Fuller form of name (Peter V.),
Dates associated with a name 1968-
Relator term Editor
700 1# - ADDED ENTRY--PERSONAL NAME
Personal name McCalla, Robert J.
Relator term Editor
700 1# - ADDED ENTRY--PERSONAL NAME
Personal name Comtois, Claude.
Relator term Editor
700 1# - ADDED ENTRY--PERSONAL NAME
Personal name Slack, Brian.
Relator term Editor
830 #0 - SERIES ADDED ENTRY--UNIFORM TITLE
Uniform title Transport and mobility series.
852 ## - LOCATION/CALL NUMBER
Location IMU Kochi Library
856 40 - ELECTRONIC LOCATION AND ACCESS
Uniform Resource Identifier <a href="http://www.taylorfrancis.com/books/9781315589039">http://www.taylorfrancis.com/books/9781315589039</a>
904 ## - LOCAL DATA ELEMENT D, LDD (RLIN)
CATALOGER Rudra Ranjan
905 ## - LOCAL DATA ELEMENT E, LDE (RLIN)
VERIFIER Rudra Ranjan
942 ## - ADDED ENTRY ELEMENTS (KOHA)
Item type E-Book

No items available.



Copyright © All Rights Reserved by Indian Maritime University, Kochi Campus.
For any Suggestions/Query Contact to library or Email: library.kochi@imu.ac.in Ph:(0484)-2989402
(Web OPAC Designed by Rudra Ranjan. Maintained by IMU Kochi Library)

Powered by Koha